Financial Accounting: (Record no. 7574)

MARC details
000 -LEADER
fixed length control field 00584nam a22001937a 4500
003 - CONTROL NUMBER IDENTIFIER
control field OSt
005 - DATE AND TIME OF LATEST TRANSACTION
control field 20211207131410.0
008 - FIXED-LENGTH DATA ELEMENTS--GENERAL INFORMATION
fixed length control field 211207b ||||| |||| 00| 0 eng d
020 ## - INTERNATIONAL STANDARD BOOK NUMBER
International Standard Book Number 9780136108863
040 ## - CATALOGING SOURCE
Transcribing agency DDC
082 ## - DEWEY DECIMAL CLASSIFICATION NUMBER
Classification number 657.48 FIN 2014
100 ## - MAIN ENTRY--PERSONAL NAME
Personal name Walter T. Harrison; Charles T. Horngren; C. William (Bill) Thomas
9 (RLIN) 15495
245 ## - TITLE STATEMENT
Title Financial Accounting:
Remainder of title International Financial Reporting Standards.
300 ## - PHYSICAL DESCRIPTION
Extent xxxiv,850p.:
Other physical details ill;
Dimensions 27cm.
504 ## - BIBLIOGRAPHY, ETC. NOTE
Bibliography, etc Includes index.
650 ## - SUBJECT ADDED ENTRY--TOPICAL TERM
Topical term or geographic name as entry element Accounting.
9 (RLIN) 1379
650 ## - SUBJECT ADDED ENTRY--TOPICAL TERM
Topical term or geographic name as entry element Financial Accounting.
9 (RLIN) 5655
942 ## - ADDED ENTRY ELEMENTS (KOHA)
Source of classification or shelving scheme Dewey Decimal Classification
Koha item type Book
Holdings
Withdrawn status Lost status Source of classification or shelving scheme Damaged status Not for loan Home library Current library Date acquired Source of acquisition Inventory number Total Checkouts Full call number Barcode Date last seen Koha item type
    Dewey Decimal Classification     Faculty of Management Science Library Faculty of Management Science Library 07/12/2021 Purchase 15/4745   657.48 FIN 2014 2021-2055 07/12/2021 Open Shelf
    Dewey Decimal Classification     Faculty of Management Science Library Faculty of Management Science Library 07/12/2021 Purchase 15/4744   657.48 FIN 2014 2021-2056 07/12/2021 Open Shelf
    Dewey Decimal Classification     Faculty of Management Science Library Faculty of Management Science Library 07/12/2021 Purchase 15/4746   657.48 FIN 2014 2021-2057 07/12/2021 Open Shelf
    Dewey Decimal Classification     Faculty of Management Science Library Faculty of Management Science Library 07/12/2021 Purchase 15/4741   657.48 FIN 2014 2021-2058 07/12/2021 Open Shelf
    Dewey Decimal Classification     Faculty of Management Science Library Faculty of Management Science Library 07/12/2021 Purchase 15/4743   657.48 FIN 2014 2021-2059 07/12/2021 Open Shelf
    Dewey Decimal Classification     Faculty of Management Science Library Faculty of Management Science Library 07/12/2021 Purchase 15/4742   657.48 FIN 2014 2021-2060 07/12/2021 Open Shelf
    Dewey Decimal Classification     Faculty of Management Science Library Faculty of Management Science Library 07/12/2021 Purchase 15/4740   657.48 FIN 2014 2021-2061 07/12/2021 Open Shelf
    Dewey Decimal Classification     Faculty of Management Science Library Faculty of Management Science Library 07/12/2021 Purchase 15/4739   657.48 FIN 2014 2021-2062 07/12/2021 Open Shelf
    Dewey Decimal Classification     Faculty of Management Science Library Faculty of Management Science Library 07/12/2021 Purchase 15/4747   657.48 FIN 2014 2021-2063 07/12/2021 Open Shelf